| 000 | 00821nam a22002415a 4500 | ||
|---|---|---|---|
| 005 | 20201128021047.0 | ||
| 008 | 140423t2012 nyua fr 001 0 eng d | ||
| 020 | _a0077139550 | ||
| 020 | _a9780077139551 | ||
| 040 |
_aEG-ScBUE _beng _cEG-ScBUE |
||
| 082 | 0 | 4 |
_222 _a658.15 _bFUN |
| 245 | 0 | 0 |
_aFundamentals of corporate finance / _cStephen A. Ross ... [et al.] |
| 250 |
_a1st ed., _bMiddle East ed. |
||
| 260 |
_aNew York : _bMcGraw-Hill Hill Higher Education, _cc.2012. |
||
| 300 |
_axli, 766 p. : _bill. (some col.) ; _c26 cm. |
||
| 500 | _aIncludes indexes. | ||
| 650 | 7 |
_92321 _aCorporations _xFinance. _2BUEsh |
|
| 650 | 7 |
_94982 _aFinancial statements. _2BUEsh |
|
| 651 | _2BUEsh | ||
| 653 |
_cApril2014 _cJuly2015 _cDecember2015 _bBUSADM |
||
| 700 | 1 |
_92319 _aRoss, Stephen A. |
|
| 942 |
_2ddc _k658.15 FUN |
||
| 999 |
_c18239 _d18211 |
||